000 01590nam a2200289Ia 4500
001 A6945
003 IT-RoPAU
008 130308s9999 xx 000 0 und d
040 _aIT-RoPAU
040 _cIT-RoPAU
041 _aITALIANO
100 _aCirio Rita
100 _gCodice Aut. SPICS: 7996
245 _aMestiere dell'attore (Il)-La pratica artistica e i luoghi di formazione
245 _bMestiere dell'attore (Il)-La Pratica Artistica e I luoghi di Formazione
250 _a1a ed.
260 _aCITTA' DI castello (PERUGIA)
260 _bMarcon
260 _c1992 [1° Ed.:1992 - Ed.Ling.Originale:1992]
300 _a"160 p. (prefazione: no ; testo: 160 [pagine: 0-0])"
500 _aColloquio con Vittorio Gassman su vari temi Riguardanti L'Attore: Parola, Vocazione, Accademia, Maestri, Corpo, Debutto, Compagnie, Critici, Pericolidel Mestiere, Gesto, Scuole, insegnare a Recitare, Teorie, Difetti e Pregidegli Attori, Attore di Cinema, Memoria, Pubblico, Paura, Registi, Comicità, Personaggio, Teatro Popolare. Colloquio con Bernard Dort Sui Temi: Attori Stranieri e Italiani, Difetti degli Attori, Isteria, Attore/Regista, Conservatorio, saper Leggere un testo , Ammissione al Coneservatorio, Agenzia di Collocamento, Stanislavskij e Brecht, Actors' Studio, Scuole di Teatro e Laboratori, Bunuel e Krejca, Corpo, Responsabilità Sociale dell'Attore, Davanti e Dietro le Quinte. Formazione dell'attore in Inghilterra, Francia e Italia.
650 _aTECNICA TEATRALE
650 _eCodice materia Spics: 8402
942 _cBK
957 _71
999 _c95043
_d95043
999 _g1